Les grandes villes du monde - Statistiques

Statistiques générales
  • Ce quiz a été pris 187 fois
  • Le résultat moyen est 8 sur 10
Statistiques - réponses
Par images Réponse % Correct
Paris
100%
Rome
99%
New York
97%
Moscou
88%
Pékin
88%
Londres
85%
Tokyo
83%
San Francisco
81%
Rio de Janeiro
72%
Bruxelles
54%
Aucun quiz correspondant
Distribution des résultats
% des personnes avec chaque résultat
Percentile par nombre de réponses
Votre historique - résultats
Vous n’avez pas pris ce quiz